00574nam a2200205 i 4500001000700000003000900007005001700016007000300033008004100036020001800077080002400095245003800119250001200157260003400169300002900203490003100232610005300263830003100316852002100347121540ES-MaACL20230906191753.0t|070214s1977 sp r ||||1| spa d a84-7396-099-8 a324(460)"1977"(023)01a¿Por quién votan las mujeres?. a1ª ed. aBarcelona : bAvance, c1977. a76 p. : bil. ; c21 cm.1 aGuías electorales Avance14aEspaña. bCortes Generales-xElecciones, 1977.1 aGuías electorales Avance4 aES-MaACLjA-6775